Акустические исследования мелкомасштабных неоднородностей в морской среде (Запись № 10883163)

Подробности
000 -МАРКЕР
контрольное поле 02128nam0a2200373 4500
001 - ИДЕНТИФИКАТОР ЗАПИСИ
контрольное поле RU\NLR\BIBL_A\011599974
005 - ИДЕНТИФИКАТОР ВЕРСИИ
контрольное поле 20241101021208.0
010 ## - МЕЖДУНАРОДНЫЙ СТАНДАРТНЫЙ НОМЕР КНИГИ (ISBN)
Номер (ISBN) 9785990994386
Тираж 300
021 ## - НОМЕР ГОСУДАРСТВЕННОЙ РЕГИСТРАЦИИ
Код страны российская федерация
Номер 2017-98896
Номер Листа государственной регистраци 7120
035 ## - ДРУГИЕ СИСТЕМНЫЕ НОМЕРА
Идентификатор записи (RuMoRGB)009497152
035 ## - ДРУГИЕ СИСТЕМНЫЕ НОМЕРА
Идентификатор записи (NLR Aleph) 011599974
100 ## - ДАННЫЕ ОБЩЕЙ ОБРАБОТКИ
Данные общей обработки 20180123d2017 k y0rusy50 ca
101 0# - ЯЗЫК РЕСУРСА
Язык текста, звукозаписи и т.д. русский
Язык резюме английский
102 ## - СТРАНА ПУБЛИКАЦИИ ИЛИ ПРОИЗВОДСТВА
Страна публикации российская федерация
105 ## - ПОЛЕ КОДИРОВАННЫХ ДАННЫХ: ТЕКСТОВЫЕ МАТЕРИАЛЫ, МОНОГРАФИЧЕСКИЕ
Кодированные данные о монографическом текстовом документе a z 000yy
200 1# - ЗАГЛАВИЕ И СВЕДЕНИЯ ОБ ОТВЕТСТВЕННОСТИ
Основное заглавие Акустические исследования мелкомасштабных неоднородностей в морской среде
Параллельное заглавие Acoustic study of small-scale heterogeneities in the marine environment
Сведения, относящиеся к заглавию [монография]
Первые сведения об ответственности В. А. Акуличев, В. А. Буланов
Последующие сведения об ответственности Российская академия наук, Дальневосточное отделение, Тихокеанский океанологический институт им. В. И. Ильичева
Язык параллельного заглавия английский
210 ## - ПУБЛИКАЦИЯ, РАСПРОСТРАНЕНИЕ И ДР.
Место издания, распространения и т.д. Владивосток
Имя издателя, распространителя и т. д. ТОИ ДВО РАН
Дата издания, распространения и т.д. 2017
215 ## - ФИЗИЧЕСКАЯ ХАРАКТЕРИСТИКА
Специфическое обозначение материала и объем 413 с.
Другие сведения о физической характеристике ил., цв. ил., табл.
Размеры 27
300 ## - ОБЩИЕ ПРИМЕЧАНИЯ
Текст примечания Авт. также на англ. яз.: V. A. Akulichev, V. A. Bulanov
300 ## - ОБЩИЕ ПРИМЕЧАНИЯ
Текст примечания Рез. англ.
320 ## - ПРИМЕЧАНИЯ О НАЛИЧИИ В ДОКУМЕНТЕ БИБЛИОГРАФИИ / УКАЗАТЕЛЯ
Текст примечания Библиогр.: с. 389-406 (319 назв.)
510 1# - ПАРАЛЛЕЛЬНОЕ ЗАГЛАВИЕ
Связь между полями z37790
Параллельное заглавие Acoustic study of small-scale heterogeneities in the marine environment
Язык заглавия английский
606 1# - НАИМЕНОВАНИЕ ТЕМЫ КАК ПРЕДМЕТ
Наименование темы Моря и океаны
Тематический подзаголовок Акустические исследования
Системный номер авторитетной/нормативной записи 919358
Идентификатор авторитетной/нормативной записи RU\NLR\AUTH\6617759
686 ## - ИНДЕКСЫ ДРУГИХ КЛАССИФИКАЦИЙ
Индекс Д221.7,0
Код системы
686 1# - ИНДЕКСЫ ДРУГИХ КЛАССИФИКАЦИЙ
Индекс Д221.7
700 #1 - ИМЯ ЛИЦА - ПЕРВИЧНАЯ ОТВЕТСТВЕННОСТЬ
Графика поля Кириллица
Материалы, к которым относится поле rus
Начальный элемент ввода Акуличев
Часть имени, кроме начального элемента ввода В.А.
Даты 1939-
Расширение инициалов личного имени Виктор Анатольевич
Системный номер авторитетной/нормативной записи 184260
Идентификатор авторитетной/нормативной записи RU\NLR\AUTH\770184311
701 #1 - ИМЯ ЛИЦА - АЛЬТЕРНАТИВНАЯ ОТВЕТСТВЕННОСТЬ
Графика поля Кириллица
Материалы, к которым относится поле rus
Начальный элемент ввода Буланов
Часть имени, кроме начального элемента ввода В. А.
Дополнения к именам, кроме дат д-р физ.-мат. наук
Расширение инициалов личного имени Владимир Алексеевич
Системный номер авторитетной/нормативной записи 184400
Идентификатор авторитетной/нормативной записи RU\NLR\AUTH\770184451
790 #1 - ИМЯ ЛИЦА - АЛЬТЕРНАТИВНАЯ ФОРМА
Графика поля Латинская
Материалы, к которым относится поле rus
Начальный элемент ввода Akuličev
Часть имени, кроме начального элемента ввода V. A.
Даты 1939-
Расширение инициалов личного имени Viktor Anatol'evič
Системный номер авторитетной/нормативной записи 184265
Идентификатор авторитетной/нормативной записи RU\NLR\AUTH\770184316
790 #1 - ИМЯ ЛИЦА - АЛЬТЕРНАТИВНАЯ ФОРМА
Графика поля Латинская
Материалы, к которым относится поле rus
Начальный элемент ввода Bulanov
Часть имени, кроме начального элемента ввода V. A.
Дополнения к именам, кроме дат д-р физ.-мат. наук
Расширение инициалов личного имени Vladimir Alekseevič
Системный номер авторитетной/нормативной записи 184402
Идентификатор авторитетной/нормативной записи RU\NLR\AUTH\770184453
942 ## - ДОПОЛНИТЕЛЬНЫЕ ЭЛЕМЕНТЫ ЗАПИСИ (АБИС)
Тип экземпляра АБИС Книга
980 ## - КОЛЛЕКЦИЯ
Название коллекции НБР

Нет доступных экземпляров.